Diretrizes para aplicação de normas de auditoria operacional (Record no. 62464)

MARC details
000 -LÍDER
campo de controle de tamanho fixo 00391 a2200145 4500
001 - NÚMERO DE CONTROLE
campo de controle 62464
020 ## - ISBN - INTERNATIONAL STANDARD BOOK NUMBER
ISBN - International Standard Book Number 8585524251
040 ## - FONTE DA CATALOGAÇÃO
Instituição que transcreveu o registro Anchieta - Pituba
240 10 - TÍTULO UNIFORME
Título uniforme Diretrizes para aplicação de normas de auditoria operacional
Idioma da obra por
245 10 - TÍTULO
Título Diretrizes para aplicação de normas de auditoria operacional
300 ## - DESCRIÇÃO FÍSICA
Extensão 166
362 0# - DATAS DE PUBLICAÇÃO E/OU DESIGNAÇÃO SEQUENCIAL
Datas de publicação e/ou designação sequencial 2005
650 #4 - ASSUNTO--TERMO TÓPICO
Cabeçalho tópico ou nome geográfico Economia pública
942 ## - ELEMENTOS DE ENTRADA ADICIONADOS (KOHA)
Tipo de material Koha Livros
Holdings
Situação do descarte Situação das perdas Situação física Não pode ser emprestado Biblioteca de origem Biblioteca atual Data de aquisição Total de empréstimos Número de chamada completo Código de barras Data de último acesso Data do preço efetivo Tipo de material Koha
        Colégio Anchieta - Pituba Colégio Anchieta - Pituba 21/11/2023   336 D598d DIR 15387/PIT 21/11/2023 21/11/2023 Livros
        Colégio Anchieta - Pituba Colégio Anchieta - Pituba 21/11/2023   305.8 R482p RIB PRE 15389/PIT 21/11/2023 21/11/2023 Livros